Catalog

Record Details

Catalog Search



Metodika pro poskytování zahradní terapie v sociálních službách  Cover Image Book Book

Metodika pro poskytování zahradní terapie v sociálních službách / Markéta Jindřichovská Brabencová, Zuzana Galle, Martina Kalendová, Alena Tomandlová Ruxová ; fotografie: archiv Chaloupek, Markéta Jindřichovská Brabencová, Zuzana Galle, Ivana Pytlíková, Michal Schneider

Jindřichovská Brabencová, Markéta, 1977- (Author, Photographer). Galle, Zuzana (Author, Photographer). Tomandlová Ruxová, Alena (Author). Pytlíková, Ivana (Photographer). Schneider, Michal (Photographer).

Summary:

Cílem projektu je zavedení inovativní metody zahradní terapie jako formy efektivní podpory začleňování znevýhodněných osob v sociálních službách

Record details

  • Physical Description: 123 stran : barevné ilustrace ; 25 cm
  • Edition: Vydání první
  • Publisher: Kněžice : Chaloupky o.p.s., školská zařízeni pro zájmové a další vzdělávání, 2020

Content descriptions

General Note:
Evropská unie, Evropský sociální fond, Operační program Zaměstnanost--Na obálce
Projekt: zahradní terapie v sociálních službách reg. č. CZ.03.2.63/0.0/0.0/17 0007548--Na obálce
Bibliography, etc. Note:
Obsahuje bibliografické odkazy
Subject: zahradní terapie
sociální služby
sociální integrace
sociálně ohrožené skupiny
sociální programy a projekty
Genre: kolektivní monografie

Available copies

  • 2 of 2 copies available at Common Catalog SPOK.

Holds

  • 0 current holds with 2 total copies.
Show Only Available Copies
Location Call Number / Copy Notes Barcode Shelving Location Status Due Date
Jabok Library Psy-9.8/J 424480045988 Odborná literatura Available -
Jabok Library Psy-9.8/J 424480045991 Odborná literatura Available -

Electronic resources

Version of Resource: Plný text


LDR 02558nam a22005177i 4500
00150815
003CZ-PrJAB
00520220304080812.0
007ta
008220127s2020 xr | | |||| ||cze||
020 . ‡z978-80-906417-4-7 ‡q(brožováno)
035 . ‡a(CZ PrSKC)000273416
040 . ‡aCBD007 ‡bcze ‡erda ‡91
072 7. ‡a364 ‡xSociální problémy vyžadující podporu a pomoc. Sociální zabezpečení ‡2Konspekt ‡918
080 . ‡a615.851:635.047 ‡2MRF
080 . ‡a364-7 ‡2MRF
080 . ‡a364-786 ‡2MRF
080 . ‡a316.344.7 ‡2MRF
080 . ‡a005.591:364.6 ‡2MRF
080 . ‡a(048.8:082) ‡2MRF
1001 . ‡aJindřichovská Brabencová, Markéta, ‡d1977- ‡7jcu20221143240 ‡4aut ‡4pht
24510. ‡aMetodika pro poskytování zahradní terapie v sociálních službách / ‡cMarkéta Jindřichovská Brabencová, Zuzana Galle, Martina Kalendová, Alena Tomandlová Ruxová ; fotografie: archiv Chaloupek, Markéta Jindřichovská Brabencová, Zuzana Galle, Ivana Pytlíková, Michal Schneider
24613. ‡aZahradní terapie v sociálních službách
250 . ‡aVydání první
264 1. ‡aKněžice : ‡bChaloupky o.p.s., školská zařízeni pro zájmové a další vzdělávání, ‡c2020
300 . ‡a123 stran : ‡bbarevné ilustrace ; ‡c25 cm
336 . ‡atext ‡btxt ‡2rdacontent
336 . ‡astatický obraz ‡bsti ‡2rdacontent
337 . ‡abez média ‡bn ‡2rdamedia
338 . ‡asvazek ‡bnc ‡2rdacarrier
500 . ‡aEvropská unie, Evropský sociální fond, Operační program Zaměstnanost--Na obálce
500 . ‡aProjekt: zahradní terapie v sociálních službách reg. č. CZ.03.2.63/0.0/0.0/17 0007548--Na obálce
504 . ‡aObsahuje bibliografické odkazy
520 . ‡aCílem projektu je zavedení inovativní metody zahradní terapie jako formy efektivní podpory začleňování znevýhodněných osob v sociálních službách
65007. ‡azahradní terapie ‡7ph807222 ‡2czenas
65007. ‡asociální služby ‡7ph125812 ‡2czenas
65007. ‡asociální integrace ‡7ph125789 ‡2czenas
65007. ‡asociálně ohrožené skupiny ‡7ph135661 ‡2czenas
65007. ‡asociální programy a projekty ‡7ph763333 ‡2czenas
655 7. ‡akolektivní monografie ‡7fd501537 ‡2czenas
7001 . ‡aGalle, Zuzana ‡4aut ‡4pht
7001 . ‡aTomandlová Ruxová, Alena ‡4aut
7001 . ‡aPytlíková, Ivana ‡4pht
7001 . ‡aSchneider, Michal ‡4pht
85641. ‡uhttps://drive.google.com/file/d/1sGkiOxX1n7xc5hs4LEkmFZ3zzJ4zeepQ/view ‡yPlný text ‡4N
910 . ‡aABG312
995 . ‡aska
901 . ‡a50815 ‡bAUTOGEN ‡c50815 ‡tbiblio

Additional Resources